| 000 | 00580cam a2200217ua 4500 | ||
|---|---|---|---|
| 020 |
_a81 203 0865 4 _c195.00 |
||
| 041 |
_aeng _h |
||
| 082 |
_a005.1 _bGHE/FU |
||
| 100 | _aGhezzi, Carlo . | ||
| 245 |
_aFundamentals of software engineering / _cCarlo Ghezzi. _hTextual Documents |
||
| 250 |
_a1 / _b. |
||
| 260 |
_aNew Delhi : _bPrentice Hall of India Pvt Ltd. , _c2000. |
||
| 300 | _a573 ; . | ||
| 365 | _a195.00 | ||
| 504 | _a | ||
| 700 | 1 | _aJazayeri, Mehle . | |
| 700 | 1 | _aMandrioli, Dino . | |
| 942 | _cBK | ||
| 999 |
_c9798 _d9798 |
||